Compendio. Proceso de paz en Centro América

שמור ב:
מידע ביבליוגרפי
מחבר תאגידי: INFORPRESS Centroamericana
פורמט: Texto
יצא לאור: Guatemala: INFORPRESS
תגים: הוספת תג
אין תגיות, היה/י הראשונ/ה לתייג את הרשומה!

MARC

LEADER 00000 a a2200000 04500
001 22423
003
040
090 |a 151700  
110 |a INFORPRESS Centroamericana  
245 |a Compendio. Proceso de paz en Centro América  
260 |a Guatemala:   |b INFORPRESS  
300 |a p. irreg.  
999 |c 10531  |d 10531